000 06273nam a2200361 a 4500
001 000001571
005 20260224094453.0
008 090623s2006 dr 000 0 spa d
020 _a9945406337
020 _a9789945406337
040 _aDO-SdBNP
_bspa
_cBNPHU
082 _a323.352
_bS961d
100 1 _aSuriel Sánchez, Altagracia
_95134
245 1 4 _aLos derechos de la niñez y la adolescencia en el orden internacional :
_bcon especial relevancia a la aplicación de la Convención de 1989 en América Latina y el Caribe /
_cAltagracia Suriel.
260 _aSanto Domingo :
_bBúho,
_c2006.
300 _a253 p. ;
_c23 cm.
490 1 _aDespacho Primera Dama ;
490 1 _aTemas jurídicos ;
500 _aIncluye referencias bibliográficas y notas al pie de las páginas
500 _aIncluye datos de la autora en las solapas
504 _aIncluye referencias bibliográficas y notas al pie de las páginas
505 0 _aPresentación -- Introducción -- Capítulo 1. Los derechos de la niñez y la adolescencia en el derecho internacional, fundamento, antecedentes y evolución.-- 1. Fundamento.-- 2. Antecedentes.-- 3. Evolución. Sistemas regionales. Sistema interamericano. Sistema europeo. Sistema de las Naciones Unidas. Principales instrumentos vinculantes. Declaración universal de los derechos del niño de 1959. Declaración sobre la protección de las mujeres y de los niños en estados de emergencia y conflicto armado. Declaración sobre los principios sociales y jurídicos, aplicables a la protección y al bienestar de los niños, principalmente en lo relativo a las prácticas de adopción y de emplazamiento familiar en los planos nacional e internacional. Declaración mundial sobre la supervivencia, la protección y el desarrollo del niño: reglas y directrices -- Principales normas vinculantes en el marco de los organismos especializados de las Naciones Unidas. Organización Internacional del Trabajo (OIT). Convenio 138. a) Definición de una política nacional. b) Establecimiento de edades mínimas. c) Excepciones transitorias. d) Excepciones permanentes. e) Derogaciones individuales. f) Trabajos peligrosos. g) Condiciones de trabajo. h) Medidas de aplicación. Convenio -- Sistema de Naciones Unidas: instrumentos vinculantes, la convención de 1989: síntesis de la protección de la infancia. Antecedentes. Contenido. Preámbulo. Principios. Derechos consagrados en la convención sobre los derechos del niño. a) Derechos civiles y políticos. b) Derechos económicos, sociales y culturales. Medidas de protección especial. a) Abusos y negligencias. b) Privación de su medio familiar. c) Necesidades especiales: niños, niñas y adolescentes refugiados. d) Niños, niñas y adolescentes impedidos. e) Situaciones de explotación -- Ratificaciones, reservas, declaraciones y objeciones a la convención de 1989.
505 0 _aReservas y declaraciones. a) Reservas a las disposiciones de la convención que son incompatibles con las tradiciones religiosas. b) Reservas a disposiciones que entran en conflicto con la legislación interna de los estados. El derecho de los niños, niñas y adolescentes extranjeros. Derechos de la persona menor de edad pribada de libertad. Derecho de garantías judiciales. c) Declaraciones que critican disposiciones de la convención que ofrecen menos garantías que el derecho interno. Objeciones a las reservas y declaraciones -- Protocolos adicionales de la convención sobre los derechos del niño de 1989. Protocolo facultativo de la convención sobre los derechos del niño relativo a la participación de niños en los conflitos armados. Protocolo facultativo de la convención sobre los derechos del niño relativo a la venta de niños, la prostitución infantil y la utilización de los niños en la pornografía -- Capítulo 2. Un balance de la aplicación de los derechos de la niñez y la adolescencia en América Latina y el Caribe. 1. Comité de los derechos del niño: su papel en la implementación de la convención de 1989. 2. Informes de los estados partes y las observaciones, sugerencias y recomendaciones del comité: un balance sobre la aplicación de la convención en América Latina y el Caribe -- Medidas generales de aplicación -- Normas jurídicas. a) Definición de niño, niña y adolescente. b) Reconocimiento de los principios y derechos fundamentales reconocidos a la infancia y la adolescencia en la convención sobre los derechos del niño de 1989. Derecho a nombre y nacionalidad. Derecho a la salud. Derecho a la educación.
505 0 _ac) Creación de sistemas de protección encabezados por entes rectores competentes en materia de políticas públicas. d) Integran disposiciones del derecho de familia vinculadas a la protección de los niños, niñas y adolescentes. e) Integran la justicia penal de la persona adolescente en conflicto con la ley penal -- Planes de acción a favor de la infancia y a adolescencia -- Publicidad -- Coordinación -- 4. Dificultades en la implementación de la convención en América Latina y el Caribe. Escasez de recursos económicos. La violencia, abuso y secuelas de regímenes dictatoriales. Diferencia entre las leyes aprobadas para aplicar la Convención y su aplicación en la práctica. Derechos que plantean problemas en su disfrute. Derecho a la vida, a la supervivencia y al desarrollo. Derecho a no ser discriminado o discriminada. a) Discriminación a niños, niñas y adolescentes indígenas.b) Niñas. c) Discriminación contra migrantes, minorías étnicas, desplazados y desplazadas. Derecho a un nombre y una nacionalidad. Derecho a la salud, derecho a la educación. Derecho a la protección contra la explotación económica y sexual. La administración de justicia penal de la persona adolescente en conflicto con la ley -- Consideraciones finales -- Bibliografía -- Anexos.
590 _aInventariado, 2018/BT
650 0 _aDerechos del niño
_95135
650 4 _aDerechos humanos
_zAmérica Latina
_95136
650 4 _aNiños (derecho internacional)
_95137
650 4 _aNiños
_xSituación legal
_95138
650 4 _aAdolescencia (derecho internacional)
_95139
830 0 _aDespacho Primera Dama ;
_pTemas jurídicos
_95140
910 _aValidado. Control de calidad. MFF
999 _c1468
_d1468